<?xml version="1.0" encoding="UTF-8"?>
<record
    xmlns:xsi="http://www.w3.org/2001/XMLSchema-instance"
    xsi:schemaLocation="http://www.loc.gov/MARC21/slim http://www.loc.gov/standards/marcxml/schema/MARC21slim.xsd"
    xmlns="http://www.loc.gov/MARC21/slim">

  <leader>     nam a22     7a 4500</leader>
  <datafield tag="999" ind1=" " ind2=" ">
    <subfield code="c">357735</subfield>
    <subfield code="d">357735</subfield>
  </datafield>
  <controlfield tag="003">IT-MiCISF</controlfield>
  <controlfield tag="005">20180111154544.0</controlfield>
  <controlfield tag="008">180111b        xxu||||| |||| 00| 0 eng d</controlfield>
  <datafield tag="040" ind1=" " ind2=" ">
    <subfield code="c">IT-MiCISF</subfield>
  </datafield>
  <datafield tag="041" ind1=" " ind2=" ">
    <subfield code="a">it</subfield>
  </datafield>
  <datafield tag="100" ind1=" " ind2=" ">
    <subfield code="a">Nicoletti Paola</subfield>
    <subfield code="9">56723</subfield>
  </datafield>
  <datafield tag="245" ind1=" " ind2=" ">
    <subfield code="a">Raccontami il mare che hai dentro</subfield>
    <subfield code="b">Vivere con un figlio autistico</subfield>
  </datafield>
  <datafield tag="260" ind1=" " ind2=" ">
    <subfield code="a">Bologna</subfield>
    <subfield code="b">Pendragon</subfield>
    <subfield code="c">2017</subfield>
  </datafield>
  <datafield tag="300" ind1=" " ind2=" ">
    <subfield code="a">pp. 95</subfield>
  </datafield>
  <datafield tag="500" ind1=" " ind2=" ">
    <subfield code="a">genitorialit&#xE0;, disturbi-sviluppo, esperienze</subfield>
  </datafield>
  <datafield tag="520" ind1=" " ind2=" ">
    <subfield code="a">L&#x2019;A. &#xE8; una madre che da qualche anno ha iniziato a usare la parola scritta per liberare, comunicandole, le sue emozioni e i suoi sentimenti, che nel suo caso, in quanto madre di Gabriele, affetto da autismo, colpiscono al cuore come tanti strali. Questo suo libro-testimonianza, scritto per cos&#xEC; dire in &#x201C;presa diretta&#x201D;, sa illustrare pi&#xF9; e meglio di tanti saggi accademici la realt&#xE0; di una famiglia che si trova improvvisamente catapultata sul fronte di una battaglia durissima che non si aspettava, che non prevedeva e non conosceva. E da cui eppure si pu&#xF2; anche uscire vincitori, come testimoniano le ultime righe del libro: &#xAB;L'amore per il mare &#xE8; tipico dell'autismo: l'acqua placa, rasserena, avvolge, attutisce i rumori del mondo. Il mare &#xE8; quello che vedo dentro mio figlio quando lo inseguo e scruto nei suoi occhi scuri come bottoni neri. Forse le cose in futuro miglioreranno, forse invece sar&#xE0; sempre pi&#xF9; difficile. Nel frattempo mi auguro di esserci il pi&#xF9; a lungo possibile, per lui, per le mie figlie, per me. Perch&#xE9; questa vita &#xE8; difficile, ma &#xE8; la mia, e mi piace&#xBB;.</subfield>
  </datafield>
  <datafield tag="650" ind1=" " ind2=" ">
    <subfield code="a">genitorialit&#xE0;</subfield>
    <subfield code="9">56044</subfield>
  </datafield>
  <datafield tag="654" ind1=" " ind2=" ">
    <subfield code="a">testimonianza</subfield>
  </datafield>
  <datafield tag="942" ind1=" " ind2=" ">
    <subfield code="2">ddc</subfield>
    <subfield code="c">BK</subfield>
  </datafield>
  <datafield tag="952" ind1=" " ind2=" ">
    <subfield code="0">0</subfield>
    <subfield code="1">0</subfield>
    <subfield code="2">ddc</subfield>
    <subfield code="4">0</subfield>
    <subfield code="6">A_2250_000000000000000</subfield>
    <subfield code="7">1</subfield>
    <subfield code="a">CISF</subfield>
    <subfield code="b">CISF</subfield>
    <subfield code="d">2018-01-11</subfield>
    <subfield code="l">0</subfield>
    <subfield code="o">a2250</subfield>
    <subfield code="p">9788865989104</subfield>
    <subfield code="r">2018-01-11 00:00:00</subfield>
    <subfield code="w">2018-01-11</subfield>
    <subfield code="y">BK</subfield>
  </datafield>
</record>
